000 01156nam a2200217Ia 4500
999 _c39593
_d39593
001 6193
003 GE_BSU
005 20190530152932.0
008 181216s1977|||| |||||||||||||| ||geo||
040 _cGE_BSU
041 _ageo
080 _a624.13.55(075.8) გ-95
100 _aგუმენსკი,ბ.
_91844
245 _aსაინჟინრო გეოლოგიის საფუძვლები რკინიგზის მშენებლებისათვის :სახელმძღვ. /
_cბ. გუმენსკი ; რედ ო.მენთეშაშვილი.
250 _aთარგმ. მესამე გადამ. და შევსებ. გამოცემიდან.
264 _aთბილისი :
_bგანათლება,
_c1977.
300 _a437 გვ . :
_c23 სმ.
653 _aსაინჟინრო გეოლოგიის საფუძვლები რკინიგზის მშენებლებისათვის
700 _aმენთეშაშვილი, ო
_eრედაქტორი
_91845
942 _cBK
_2udc